Formulación del plan de gestión ambiental para los sistemas productivos rurales del Valle del Cauca, mediante la determinación de su capacidad de sostenibilidad y competitividad, en el marco del diseño de una política rural y ambiental, de mediano y largo plazo (Registro nro. 4167)

Detalles MARC
000 -CABECERA
Campo de control 01119nam a2200265 a 4500
005 - FECHA Y HORA DE LA ULTIMA TRANSACCION
Campo de control 20160517122010.0
008 - ELEMENTOS DE LONGITUD FIJA—INFORMACION GENERAL
Campo de control 140314b2001 ck ||||| |||| 00| 0 spa d
040 ## - FUENTE DE CATALOGACIÓN
Agencia catalogadora original CO-BoIAVH
Agencia transcriptora CO-BoIAVH
041 ## - IDIOMA
Código de idioma para texto/pista de sonido o título separado Español
044 ## - PAÍS DE PUBLICACIÓN
País de publicación Colombia
090 ## - CLASIFICACIÓN LOCAL
Colección LB
Consecutivo 03852
100 ## - ASIENTO PRINCIPAL--NOMBRE PERSONAL
Nombre personal Granados, Jorge H.
110 ## - ASIENTO PRINCIPAL--NOMBRE CORPORATIVO
Nombre corporativo o de jurisdicción como elemento de entrada Corporación Autónoma Regional del Valle del Cauca - CVC
Unidad subordinad Corporación Autónoma Regional del Valle del Cauca
245 ## - MENCION DE TITULO
Título Formulación del plan de gestión ambiental para los sistemas productivos rurales del Valle del Cauca, mediante la determinación de su capacidad de sostenibilidad y competitividad, en el marco del diseño de una política rural y ambiental, de mediano y largo plazo
Parte restante del título versión 6
260 ## - PUBLICACION, DISTRIBUCION, ETC. (PIE DE IMPRENTA)
Lugar de publicación, distribución, etc. Cali
Nombre del editor, distribuidor, etc. CVC
-- CORPOICA
Fecha de publicación, distribución, etc. 2001
300 ## - DESCRIPCION FISICA
Extensión 70 P.
650 ## - ASIENTO SECUNDARIO DE MATERIA - TERMINO TEMATICO
Término temático o nombre geográfico como elemento de entrada Caña Panelera
650 ## - ASIENTO SECUNDARIO DE MATERIA - TERMINO TEMATICO
Término temático o nombre geográfico como elemento de entrada Seguridad Alimentaria
650 ## - ASIENTO SECUNDARIO DE MATERIA - TERMINO TEMATICO
Término temático o nombre geográfico como elemento de entrada Ordenamiento Territorial
650 ## - ASIENTO SECUNDARIO DE MATERIA - TERMINO TEMATICO
Término temático o nombre geográfico como elemento de entrada Economía Ambiental
700 ## - ASIENTO SECUNDARIO - NOMBRE PERSONAL
Nombre personal García, Alonso
710 ## - ASIENTO SECUNDARIO - NOMBRE CORPORATIVO
Nombre corporativo o de jurisdicción como elemento de entrada Corporación Colombiana de Investigación Agropecuaria
942 ## - ELEMENTOS ADICIONALES (KOHA)
Tipo de ítem Informe Técnico
Sistema de clasificación Local
Koha issues (borrowed), all copies 1
945 ## - PROCESAMIENTO LOCAL
AAAA-MM-DD - Fecha de ingreso o modificacion 2004-10-05
Existencias
Withdrawn status Lost status Sistema de Clasificación Damaged status No para préstamo Colección Fecha publicación (Año) Inventariado Ubicación Permanente Ubicación actual Fecha de adquisición Fuente de Valor Total Checkouts Número topográfico Inventario / Código de Barras Date last seen Date checked out Ejemplar Price effective from Forma de adquisición Tipo de material
    Local     General 2001 Inventariado 2017 Bogotá Bogotá 05/10/2004 Cavelier, Inés 1 LB-03852 016745 10/03/2016 10/03/2016 Ej. 1 04/12/2012   Informe Técnico
    Local     General     Sala Fabio Quevedo Sala Fabio Quevedo 06/10/2004 Cavelier, Inés   LB-03852 016759 04/12/2012   Ej. 2 04/12/2012 Donación Informe Técnico